hic, haec, hoc - Statistiken

Allgemein
  • Dieses Quiz wurde 28 mal gespielt
  • Das Durchschnittsergebnis liegt bei 22 aus 30
Antwortstatistiken
Hint Antwort % Korrekt
Nom. Sg. f haec
100%
Nom. hic
100%
Nom. Sg. n hoc
100%
Gen. huius
90%
Gen. Sg. f huius
90%
Gen. Sg. n huius
90%
Nom. Pl. f hae
76%
Nom. Pl. m hi
76%
Abl. Sg. f hac
71%
Gen. Pl. f harum
71%
Akk. Pl. f has
71%
Dat. Pl. m his
71%
Abl. Pl. m his
71%
Dat. Pl. f his
71%
Abl. Pl. f his
71%
Dat. Pl. n his
71%
Abl. Pl. n his
71%
Abl. hoc
71%
Abl. Sg. n hoc
71%
Gen. Pl. m horum
71%
Gen. Pl. n horum
71%
Akk. Pl. m hos
71%
Akk. Sg. n hoc
67%
Akk. Sg. f hanc
62%
Dat. huic
62%
Dat. Sg. f huic
62%
Dat. Sg. n huic
62%
Akk. hunc
62%
Nom. Pl. n haec
52%
Akk. Pl. n haec
52%
Keine übereinstimmenden Quizze gefunden
Verteilung der Resultate
Anzahl Personen mit jedem Resultat
Perzentil nach korrekt beantworteten Fragen
Ihre Resultats-Entwicklung
Sie haben dieses Quiz noch nicht gespielt